=LDR 00000nam 2200000 4500 =001 INLIS000000000036242 =005 20130612142035 =008 ***********************************Ind** =035 ##$$0010-061300000036242 =041 ##$$a Ind =082 ##$$a 363.7 =090 ##$$a 363.7, Fan m =100 ##$$a Farida, Hur =245 ##$$a Me and global environment, aku dan lingkungan, Hur Farida ; editor, Miniken =260 ##$$a 2009 $b Jakarta =300 ##$$a 143 hlm, ilus, 24 cm =650 ##$$a Lingkungan Hidup =850 ##$$a NBPNMAT